Другарю Димитров (Запис номер 101987)
[ съкратено ]
| 000 -Лидер | |
|---|---|
| Контролно поле с фиксирана дължина | 02423nam a2200493 c 4500 |
| 003 - Код на организацията, давaща контролен номер | |
| Контролно поле | BLK |
| 005 - Дата и час на последна редакция | |
| Контролно поле | 20250119004124.0 |
| 008 - Елементи от данни с фиксирана дължина | |
| fixed length control field | 180409b bul|||||r ||||||| ||bul|| |
| 010 ## - Наследен системен номер | |
| LC control number | KNG00107045000 |
| 020 ## - Международен стандартен номер на книга ISBN | |
| Международен стандартен номер на книга ISBN | 954-9548-53-8 |
| 040 ## - Източник на каталожния запис | |
| Идентификатор на билиотеката - собственик на записа | BLK |
| 041 ## - Код за език | |
| Код за езика на текст/звукозапис или на отделно заглавие | Български |
| Код за езика КДБФ | Български |
| 072 #7 - Код за тематичната категория | |
| Код организация | bullib |
| Код за тематична категория | Я |
| Текст | Автографи |
| 072 #7 - Код за тематичната категория | |
| Код организация | bullib |
| Код за тематична категория | К |
| Текст | Краезнание |
| 080 ## - УДК | |
| Текстов определител УДК | Политически партии и движения |
| УДК код - определител по УДК | 329 |
| УДК определител | (497.2)БКП(091)(092) |
| УДК - код + определител | 329(497.2)БКП(091)(092) |
| 080 ## - УДК | |
| Текстов определител УДК | България през периода на общата криза на капитализма (1918-1944) |
| УДК код - определител по УДК | 94(497.2)"1918/1945" |
| УДК - код + определител | 94(497.2)"1918/1945" |
| 080 ## - УДК | |
| Текстов определител УДК | Михайлов, Георги Димитров. Български политик, ръководител на БКП и генерален секретар на Коминтерна, министър-председател |
| УДК код - определител по УДК | 929 Димитров, Георги |
| УДК - код + определител | 929 Димитров, Георги |
| 139 ## - Редно поле | |
| Редна дума | Другарю Димитров |
| Авторски знак | Дими - Д 58 |
| 245 10 - Сведения за заглавието | |
| Заглавие | Другарю Димитров |
| Подзаглавни данни | Документалистика |
| Редно поле (дума) | състав. и предг. от Живодар Иванов Душков. |
| 257 ## - Страна на издаване | |
| Страна на създаване/издаване | България |
| 260 ## - Област на издателските данни | |
| Име на издателя, разпространителя и проч. | Авангард принт |
| Година на издаване | 2003 |
| 300 ## - Физическа характеристика | |
| Страници | 180 с. |
| Илюстрации и др. | с ил. |
| Размери/Мащаб | 20 см |
| 380 ## - Жанр | |
| Жанр | Обществени науки |
| 500 ## - Общи забележки | |
| Забележка | Изд. на Междунар. фонд. Георги Димитров. Клон Русе. - Съдържа и Подагели на телеграмите ; Получатели на телеграмите. - Офс. изд. - Именен показалец, Геогр. показалец, Показалец на източниците |
| 600 14 - Име на лице, използвано като предмет | |
| За него / За нея | Димитров, Георги |
| 9 (RLIN) | 246718 |
| 650 #4 - Допълнително описание по предмет – тема | |
| Основно описание – тема или топоним | БКП - дейци - спомени |
| 9 (RLIN) | 241772 |
| 650 #4 - Допълнително описание по предмет – тема | |
| Основно описание – тема или топоним | Политици, български |
| 9 (RLIN) | 242530 |
| 650 #0 - Допълнително описание по предмет – тема | |
| Основно описание – тема или топоним | България - история, нова |
| 9 (RLIN) | 241998 |
| 653 ## - Ключова дума – ненормативна | |
| Ключова дума | Георги Димитров |
| 653 ## - Ключова дума – ненормативна | |
| Ключова дума | БКП |
| 653 ## - Ключова дума – ненормативна | |
| Ключова дума | писма |
| 653 ## - Ключова дума – ненормативна | |
| Ключова дума | публицистика |
| 659 ## - Тематичен бюлетин | |
| Тематичен бюлетин | К |
| 659 ## - Тематичен бюлетин | |
| Тематичен бюлетин | Я |
| 700 ## - Други автори (авторска отговорност) | |
| Лично име | Душков, Живодар Иванов |
| Автороска отговорност (Описва отношението между автора и произведението) | състав. и предг. от |
| 9 (RLIN) | 368890 |
| 852 ## - Местоположение | |
| Форматна сигнатура | Цб 215403 |
| 852 ## - Местоположение | |
| Форматна сигнатура | К 329(092)/Д 58 Г |
| 856 4# - Електронен адрес и достъп | |
| Електронен формат | pdf - файл |
| 856 4# - Електронен адрес и достъп | |
| Електронен формат | pdf - файл |
| 999 ## - СИСТЕМНИ КОНТРОЛНИ НОМЕРА | |
| Koha biblionumber | 101987 |
| Koha biblioitemnumber | 101987 |
| 942 ## - АРТИКУЛИ | |
| Вид на библиотечния материал | Книги |
| Скрит в OPAC | Не |
| Периодичен библиозапис | Да |
| 944 ## - СЪЗДАВАНЕ И РЕДАКЦИЯ на ЗАПИСА | |
| Създаване/Редакция | Създаване |
| Дата на регистрацията/редакция | 16.07.2003 |
| Служител, извършил регистрацията/редакцията | |
| Статус, дата на статуса | CRON CRON |
| 944 ## - СЪЗДАВАНЕ И РЕДАКЦИЯ на ЗАПИСА | |
| Създаване/Редакция | Редакция |
| Дата на регистрацията/редакция | 30.05.2014 |
| 999 ## - СИСТЕМНИ КОНТРОЛНИ НОМЕРА | |
| Koha biblioitemnumber | 101987 |
| Код за отписване | Код за изгубен артикул | Източник на класификационната схема | Код за повреда | Коз за рестрикции | Код за отдаване | Артикулен № | Име на библиотеката - собственик | Име на библиотеката, в която се намира в момента | Статус (Текущо местоположение) | Дата на вписване в системата | Местоположение - отдел | Цена в лева | Номерация (Хронология) | Инвентарен номер | Систематично азбучна сигнатура | Баркод | Номер на екземпляра | Цена в евро | Служебна бележка | Служебен тип на артикула |
|---|---|---|---|---|---|---|---|---|---|---|---|---|---|---|---|---|---|---|---|---|
| Не е изгубен | Universal Decimal Classification | Не е повреден | без рестрикции | ползва се в читалня | 164784 | Регионална библиотека "Любен Каравелов" Русе | Регионална библиотека "Любен Каравелов" Русе | Краезнание | 2003-07-16 | Краезнание | 4.20 | Автограф: Живодар Душков | 120000677645 | К 329(092)/Д 58 Г | 120000677645 | 1 | 2.15 | Дост: DA Вид: А N: 20 Дата: 14.07.2003 Дата инв: 13.11.2017 Бележки инв: К2017 | Книги |